| 000 | 00837nam a2200217 i 4500 | ||
|---|---|---|---|
| 001 | 94549 | ||
| 003 | ES-MaACL | ||
| 005 | 20230906181515.0 | ||
| 007 | t| | ||
| 008 | 050509s1985 xxu |||| | eng d | ||
| 020 | _a0-9607798-2-5 | ||
| 111 | 2 |
_aLouisiana Conference on Hispanic Languages and Literatures ( _n6ª. _d1985) _9913 |
|
| 245 | 1 | 0 |
_aLa Chispa'85 _b: selected preceedings / _cthe 6 th Louisiana Conference on Hispanic Languages and Literatures; Gilbert Paolini, editor. |
| 260 |
_aNew Orleans : _bTulane University, _c1985. |
||
| 300 |
_a396 p. ; _c22 cm. |
||
| 650 | 4 |
_aLiteratura española- _vCongresos y asambleas. _9146533 |
|
| 650 | 4 |
_aLiteratura hispanoamericana- _vCongresos y asambleas. _914603 |
|
| 700 | 1 |
_aPaolini, Gilberto. _988850 |
|
| 710 | 2 |
_aTulane University (New Orleans) _96991 |
|
| 852 |
_aES-MaACL _jL-11763 |
||
| 999 |
_c94549 _d94549 |
||